Financial inclusion and capability (Record no. 106176)

MARC details
000 -LEADER
fixed length control field 01045cam a2200205 4500
001 - CONTROL NUMBER
control field L135735
008 - FIXED-LENGTH DATA ELEMENTS--GENERAL INFORMATION
fixed length control field 061205n2006 000 0 eng u
035 ## - SYSTEM CONTROL NUMBER
System control number (Sirsi) u135735
041 0# - LANGUAGE CODE
Language code of text/sound track or separate title eng
110 1# - MAIN ENTRY--CORPORATE NAME
Corporate name or jurisdiction name as entry element Chartered Institute of Housing
9 (RLIN) 2394
245 00 - TITLE STATEMENT
Title Financial inclusion and capability
260 ## - PUBLICATION, DISTRIBUTION, ETC.
Place of publication, distribution, etc. Coventry
Name of publisher, distributor, etc. Chartered Institute of Housing
Date of publication, distribution, etc. 2006
490 ## - SERIES STATEMENT
Series statement CIH Good Practice Briefing
Volume/sequential designation (31) November 2006
505 0# - FORMATTED CONTENTS NOTE
Formatted contents note The policy context -- What is financial exclusion? -- The role of housing -- Getting involved -- Debt and money advice -- Sustaining tenancies -- Preventing homelessness -- Rent arrears management -- Bank accounts and affordable credit -- Strategic partnership working.
520 ## - SUMMARY, ETC.
Summary, etc. Focuses on moving the delivery of financial capability activities from cases of good practice into wide-spread common practice. Aimed at housing practitioners, managers and delivery staff across the whole housing sector.
590 ## - LOCAL NOTE (RLIN)
Local note KA
651 #4 - SUBJECT ADDED ENTRY--GEOGRAPHIC NAME
Geographic name United Kingdom
Chronological subdivision
690 ## - LOCAL SUBJECT ADDED ENTRY--TOPICAL TERM (OCLC, RLIN)
Topical term or geographic name as entry element HOUSING-HOUSING FINANCE
942 ## - ADDED ENTRY ELEMENTS (KOHA)
Suppress in OPAC 0
Holdings
Withdrawn status Lost status Source of classification or shelving scheme Damaged status Not for loan Home library Current library Shelving location Date acquired Total Checkouts Full call number Barcode Date last seen Copy number Price effective from Koha item type
    Dewey Decimal Classification     London London Boxed set 14/12/2006   BOXED SET 30073490 06/08/2019 1 06/08/2019 Book